00438nam a2200169Ia 4500003000400000005001700004008004100021020001800062050002900080100001900109245005100128260003500179300003300214440000600247521000700253526000800260OSt20140428100124.0140130s9999 xx 000 0 und d a9781877180248 aRC 440b.Ad221 [ca.2000] aAdamson, Linda aHearty fun fitness programme /cLinda Adamson. bScholastic,a2000.cNew York : a20 p. :bcol. ill. ;c23 cm. v1 aG2 c350